|
|
|
|
| LEADER |
01215nam a2200265 a 4500 |
| 001 |
GR-Antirio1042 |
| 008 |
140704s1986 nyu g b 001 0 eng d |
| 020 |
|
|
|a 0486649970
|q (pbk.)
|
| 040 |
|
|
|a GrPaTEI
|b gre
|c GR-PaULI
|
| 040 |
|
|
|a GrPaTEI
|b gre
|c GR-PaULI
|
| 082 |
|
0 |
|a 538.4
|2 22
|
| 100 |
1 |
|
|a Chen, Chih-Wen
|
| 245 |
1 |
0 |
|a Magnetism and metallurgy of soft magnetic materials /
|c Chih-Wen Chen.
|
| 260 |
|
|
|a New York :
|b Dover Publications,
|c 1986
|
| 300 |
|
|
|a xviii, 571 σ. :
|b εικ.
|
| 500 |
|
|
|a Ανατύπωση . Πρωτότυπη έκδ. του: North-Holland Publishing Company, Amsterdam, in 1977. (Series of monographs on Selected Topics in Solid State Physics , Vol. 15)
|
| 504 |
|
|
|a Περιλαμβάνει βιβλιογραφίες και ευρετήριο.
|
| 650 |
|
0 |
|a Magnetism
|
| 650 |
|
0 |
|a Mnagnetic materials
|
| 650 |
|
0 |
|a Physical metallurgy
|
| 710 |
0 |
|
|a Dover Publications
|
| 942 |
|
|
|2 ddc
|
| 952 |
|
|
|0 0
|1 0
|2 ddc
|4 0
|6 538_400000000000000_CHE
|7 0
|9 262794
|a LISK-2
|b LISK-2
|c BSC
|d 2021-01-17
|e 24
|f 0
|g 0.00
|l 0
|o 538.4 CHE
|p 2430000008128
|r 2021-01-17 00:00:00
|t 1
|w 2021-01-17
|y BK15
|x 20140704 0 ΧΑΣΑΝΗ 1
|x GrPaTEI - Antirrio
|
| 971 |
|
|
|a .b25708417
|b 15-04-20
|c 12-09-16
|
| 999 |
|
|
|c 151396
|d 151396
|